Generalized inference in repeated measures : exact methods in MANOVA and mixed models
Αποθηκεύτηκε σε:
| Κύριος συγγραφέας: | |
|---|---|
| Μορφή: | Βιβλίο |
| Γλώσσα: | English |
| Δημοσίευση: |
Hoboken, N.J. :
Wiley,
c2004
|
| Σειρά: | Wiley series in probability and statistics
|
| Θέματα: | |
| Ετικέτες: |
Προσθήκη ετικέτας
Δεν υπάρχουν, Καταχωρήστε ετικέτα πρώτοι!
|
MARC
| LEADER | 00000nam a2200000 i 4500 | ||
|---|---|---|---|
| 001 | 1/76317 | ||
| 008 | 080229s2004 eng d | ||
| 020 | |a 0-471-47017-1 | ||
| 035 | |l 10095150 | ||
| 040 | |a GR-MY-UA |b gre |e aacr | ||
| 041 | 0 | |a eng | |
| 082 | 0 | |a 519.535 |2 (22) | |
| 100 | 1 | |a Weerahandi, Samaradasa. | |
| 245 | 1 | 0 | |a Generalized inference in repeated measures : |b exact methods in MANOVA and mixed models / |c Samaradasa Weerahandi |
| 260 | |a Hoboken, N.J. : |b Wiley, |c c2004 | ||
| 300 | |a xv, 352 σ.; |c 24 εκ. | ||
| 490 | 1 | |a Wiley series in probability and statistics | |
| 504 | |a Περιέχει βιβλιογραφικές παραπομπές και ευρετήριο | ||
| 650 | 0 | 0 | |a Multivariate analysis. |
| 650 | 0 | 0 | |a Analysis of variance. |
| 852 | |a INST |b SAMOS |e 20080229 |h 519.535 WEE |p 005300026733 |q 005300026733 |t BK |y 0 | ||
| 901 | |a BIBL3-2008-1 | ||
| 909 | |a Σ |b 140546 | ||
| 922 | |a 3ΕΛΗ |b 200711 |c ΕΠΕΑΕΚ2/ΤΣΑΕ |d ΕΛΕΥΘΕΡΟΥΔΑΚΗΣ | ||
| 970 | |a ΚΟΣΙΕΡΗΣ |b ΧΡΗΣΤΟΣ |z 2008/02/29 | ||